[Event "Junior Online 4NCL Division 5"]
[Site "online"]
[Date "2020.04.30"]
[Round "3.224"]
[White "Rees, Jack"]
[Black "Chesney, Oliver"]
[Result "1-0"]
[WhiteElo "666"]
[BlackElo "1007"]
[PlyCount "27"]
[EventDate "2020.04.30"]
[WhiteTeam "Entangled States"]
[BlackTeam "Dulwich College Junior B"]

1. e4 c5 2. Nf3 d6 3. Bb5+ Nc6 4. O-O g6 5. d4 a6 6. Bc4 Bg7 7. c3 cxd4 8. cxd4
b5 9. Bd5 Qd7 10. Qc2 Nf6 11. Bxc6 Qxc6 12. Qxc6+ Bd7 13. Qxa8+ Bc8 14. Qxc8#
1-0

[Event "Junior Online 4NCL Division 5"]
[Site "online"]
[Date "2020.04.30"]
[Round "3.225"]
[White "Rathkey, Nia"]
[Black "Bhasin, Aadit"]
[Result "1-0"]
[WhiteElo "963"]
[BlackElo "1255"]
[PlyCount "65"]
[EventDate "2020.04.30"]
[WhiteTeam "Entangled States"]
[BlackTeam "Dulwich College Junior B"]

1. e4 c5 2. Nf3 d6 3. Nc3 Nf6 4. d4 cxd4 5. Nxd4 g6 6. Bg5 Bg7 7. Nf3 O-O 8.
Bc4 Bg4 9. Qe2 Nc6 10. O-O-O Qa5 11. Kb1 Qxg5 12. Nxg5 Bxe2 13. Nxe2 Bh6 14.
Nf3 Nxe4 15. Rhf1 Ng5 16. Nxg5 Bxg5 17. Rd5 Bh6 18. f4 Nb4 19. Rb5 Nc6 20. f5
b6 21. fxg6 hxg6 22. h4 Bg7 23. h5 gxh5 24. Rxh5 a6 25. Rg5 b5 26. Bd5 Rac8 27.
Ng3 e6 28. Bxc6 Rxc6 29. Nh5 Kh7 30. Rxg7+ Kh6 31. Rh1 Rcc8 32. Rg3 Rh8 33.
Nf4# 1-0

[Event "Junior Online 4NCL Division 5"]
[Site "online"]
[Date "2020.04.30"]
[Round "3.226"]
[White "Sharma, Ayush"]
[Black "Wynn, Lewis"]
[Result "0-1"]
[WhiteElo "1180"]
[BlackElo "966"]
[PlyCount "80"]
[EventDate "2020.04.30"]
[WhiteTeam "Dulwich College Junior B"]
[BlackTeam "Entangled States"]

1. e4 e5 2. Nf3 Nc6 3. Nc3 Nf6 4. Bb5 a6 5. Bxc6 bxc6 6. Nxe5 Qe7 7. Nf3 Nxe4
8. Nxe4 Qxe4+ 9. Qe2 Qxe2+ 10. Kxe2 d5 11. Ne5 Bg4+ 12. Nxg4 O-O-O 13. Ne5 Re8
14. d4 f6 15. f4 fxe5 16. dxe5 h6 17. Be3 g5 18. g3 gxf4 19. gxf4 Rg8 20. Bd4
Rg2+ 21. Kf3 Rxc2 22. Rhg1 Rxh2 23. Rg8 c5 24. Bxc5 Rxb2 25. Rxf8 Rxf8 26. Bxf8
d4 27. e6 Kd8 28. f5 d3 29. Rd1 d2 30. Ra1 Rc2 31. f6 Rc1 32. e7+ Ke8 33. f7+
Kxf7 34. Bxh6 d1=Q+ 35. Ke4 Rxa1 36. Bg5 Qb1+ 37. Ke5 Qb5+ 38. Kf4 Rf1+ 39. Kg4
Rg1+ 40. Kh5 Qxg5# 0-1

[Event "Junior Online 4NCL Division 5"]
[Site "online"]
[Date "2020.04.30"]
[Round "3.228"]
[White "Chesney, Oliver"]
[Black "Rees, Jack"]
[Result "1/2-1/2"]
[WhiteElo "1007"]
[BlackElo "666"]
[PlyCount "182"]
[EventDate "2020.04.30"]
[WhiteTeam "Dulwich College Junior B"]
[BlackTeam "Entangled States"]

1. e4 e5 2. Nf3 Nc6 3. Nc3 d6 4. d3 Nf6 5. g3 Bg4 6. Bg2 Nh5 7. O-O Qf6 8. Bg5
Qxg5 9. Nxg5 Bxd1 10. Raxd1 O-O-O 11. Nd5 f6 12. Nf7 Nd4 13. Nxh8 Rd7 14. Bh3
Ne2+ 15. Kg2 g6 16. Bxd7+ Kxd7 17. Rde1 Nd4 18. c3 Nc2 19. Rc1 Nb4 20. Nxb4 d5
21. Nxd5 Bg7 22. Nf7 c6 23. Ne3 Ke7 24. g4 Nf4+ 25. Kg3 Nxd3 26. Rcd1 Nxb2 27.
Rd2 Kxf7 28. h4 Na4 29. c4 c5 30. f4 exf4+ 31. Rxf4 g5 32. hxg5 Nc3 33. gxf6
Bxf6 34. Nd5 Nxd5 35. exd5 Kg6 36. d6 Bg5 37. Rf3 Bxd2 38. d7 Bg5 39. Rd3 a5
40. Rd5 Bd8 41. Rxc5 b6 42. Rc6+ Kf7 43. a4 b5 44. cxb5 Ke7 45. b6 Kxd7 46. Rh6
Kc8 47. Rxh7 Bxb6 48. g5 Bd8 49. g6 Bf6 50. g7 Bxg7 51. Rxg7 Kd8 52. Ra7 Kc8
53. Rxa5 Kc7 54. Rh5 Kb6 55. a5+ Ka6 56. Kf4 Ka7 57. Rh6 Kb7 58. a6+ Ka8 59.
Rh7 Kb8 60. Kf5 Ka8 61. Ke5 Kb8 62. Kd4 Ka8 63. Kd3 Kb8 64. Ke2 Ka8 65. Kd2 Kb8
66. Kc3 Ka8 67. Kd4 Kb8 68. Kc4 Ka8 69. Kd5 Kb8 70. Kd4 Ka8 71. Ke4 Kb8 72. Kf3
Ka8 73. Kg3 Kb8 74. Kh4 Ka8 75. Kh3 Kb8 76. Kg3 Ka8 77. Kf3 Kb8 78. Ke2 Ka8 79.
Kd3 Kb8 80. Ke4 Ka8 81. Kf3 Kb8 82. Ke3 Ka8 83. Kd4 Kb8 84. Kd3 Ka8 85. Kc2 Kb8
86. Kd1 Ka8 87. Ke1 Kb8 88. Kf1 Ka8 89. Kf2 Kb8 90. Ke2 Ka8 91. Kd3 Kb8 1/2-1/2

[Event "Junior Online 4NCL Division 5"]
[Site "online"]
[Date "2020.04.30"]
[Round "3.231"]
[White "Fairclough, William"]
[Black "Manouvel, Loic"]
[Result "1-0"]
[WhiteElo "1315"]
[BlackElo "1375"]
[PlyCount "65"]
[EventDate "2020.04.30"]
[WhiteTeam "Manchester Juniors B"]
[BlackTeam "Bristol Bishops"]

1. e4 c5 2. Nf3 Nc6 3. d4 cxd4 4. Nxd4 g6 5. Nxc6 bxc6 6. Nc3 Bg7 7. Be3 Qa5 8.
Bd4 Nf6 9. Bc4 d5 10. exd5 cxd5 11. Bb5+ Bd7 12. Bxd7+ Kxd7 13. O-O Rab8 14. b3
e5 15. Bxe5 Rhe8 16. Bxf6 Bxf6 17. Nxd5 Bxa1 18. Nf6+ Ke7 19. Nxe8 Bf6 20. Nxf6
Kxf6 21. Qd6+ Kg7 22. Qxb8 Qxa2 23. Qe5+ f6 24. Qe7+ Kh6 25. Qxf6 Qxc2 26. Qf4+
Kg7 27. Qd4+ Kh6 28. Qxa7 Qxb3 29. h3 Qd5 30. Qe3+ Kg7 31. Qe7+ Kh6 32. Re1 Qb7
33. Qxb7 1-0

[Event "Junior Online 4NCL Division 5"]
[Site "online"]
[Date "2020.04.30"]
[Round "3.232"]
[White "Clegg, Anya"]
[Black "Eccleston, Rowan"]
[Result "1-0"]
[WhiteElo "1142"]
[BlackElo "1217"]
[PlyCount "65"]
[EventDate "2020.04.30"]
[WhiteTeam "Bristol Bishops"]
[BlackTeam "Manchester Juniors B"]

1. d4 e6 2. Nf3 d5 3. e3 c5 4. c3 Nc6 5. Bd3 Qb6 6. O-O Nf6 7. Nbd2 Be7 8. b3
Qc7 9. c4 Ng4 10. cxd5 exd5 11. dxc5 Bxc5 12. Bb2 Ba3 13. Bxa3 Nce5 14. Bc2
Nxf3+ 15. Nxf3 g6 16. Qxd5 Bd7 17. Qe4+ Be6 18. b4 Rd8 19. Ba4+ Kf8 20. Rfd1
Bxa2 21. Rxd8+ Qxd8 22. Rxa2 b5 23. Bxb5 Qd1+ 24. Bf1 Nxh2 25. Nxh2 Qb1 26.
Qxb1 Ke7 27. Qe4+ Kd7 28. Rd2+ Kc7 29. Qd5 Kb8 30. Qd6+ Ka8 31. Qc7 Rb8 32. Rd7
Rb7 33. Qxb7# 1-0

[Event "Junior Online 4NCL Division 5"]
[Site "online"]
[Date "2020.04.30"]
[Round "3.233"]
[White "Nagai, Ken Stephen"]
[Black "Saha, Soumil"]
[Result "0-1"]
[WhiteElo "1135"]
[BlackElo "1075"]
[PlyCount "44"]
[EventDate "2020.04.30"]
[WhiteTeam "Manchester Juniors B"]
[BlackTeam "Bristol Bishops"]

1. e4 e6 2. d4 d6 3. Nf3 c5 4. dxc5 d5 5. exd5 exd5 6. Qe2+ Be6 7. Qb5+ Nc6 8.
Nd4 Bd7 9. Bd2 Nxd4 10. Qxb7 Nxc2+ 11. Kd1 Nxa1 12. Qxd5 Nf6 13. Qe5+ Be7 14.
Bb4 O-O 15. Bd3 Ng4 16. Qf4 g6 17. Qd4 Bf6 18. Qd5 Nxf2+ 19. Kd2 Nxh1 20. Ke3
Re8+ 21. Kf4 Bg5+ 22. Kf3 Qf6+ 0-1

[Event "Junior Online 4NCL Division 5"]
[Site "online"]
[Date "2020.04.30"]
[Round "3.234"]
[White "Manouvel, Maelys"]
[Black "Casserly, Darcy"]
[Result "1-0"]
[WhiteElo "1037"]
[BlackElo "1075"]
[PlyCount "43"]
[EventDate "2020.04.30"]
[WhiteTeam "Bristol Bishops"]
[BlackTeam "Manchester Juniors B"]

1. e4 e5 2. Nf3 Nc6 3. Bb5 Nf6 4. O-O Nxe4 5. d4 f6 6. dxe5 fxe5 7. Bxc6 bxc6
8. Nxe5 Bd6 9. Nf3 O-O 10. Nbd2 Be5 11. Nxe4 Bf6 12. Nxf6+ Rxf6 13. Bg5 Ba6 14.
Bxf6 Qxf6 15. Re1 Qxb2 16. Qxd7 Qxc2 17. Qxc7 Qg6 18. Ne5 Qg5 19. Qf7+ Kh8 20.
Nxc6 Rg8 21. Re8 h6 22. Qxg8# 1-0

[Event "Junior Online 4NCL Division 5"]
[Site "online"]
[Date "2020.04.30"]
[Round "3.235"]
[White "Manouvel, Loic"]
[Black "Fairclough, William"]
[Result "0-1"]
[WhiteElo "1375"]
[BlackElo "1315"]
[PlyCount "74"]
[EventDate "2020.04.30"]
[WhiteTeam "Bristol Bishops"]
[BlackTeam "Manchester Juniors B"]

1. e4 c6 2. c4 d5 3. cxd5 cxd5 4. exd5 Qxd5 5. Nc3 Qd8 6. Bc4 Nf6 7. d4 Nc6 8.
Nf3 e6 9. Bg5 Be7 10. O-O O-O 11. Rc1 Nd5 12. Nxd5 exd5 13. Bxe7 Nxe7 14. Bd3
Bf5 15. Qc2 Bxd3 16. Qxd3 Nc6 17. Qe3 Re8 18. Qf4 Nb4 19. Ng5 Qe7 20. Rc7 Qf6
21. Rxf7 Qxf4 22. Rxf4 Nd3 23. Rf3 Nxb2 24. Rb3 Nc4 25. Rxb7 Nd2 26. Rd1 Ne4
27. Nxe4 dxe4 28. d5 Rac8 29. Rxa7 Red8 30. d6 Rxd6 31. Rb1 h6 32. h3 Rc2 33.
a4 Rdd2 34. Re7 Rxf2 35. Rxe4 Rxg2+ 36. Kf1 Rh2 37. Ra1 Rh1# 0-1

[Event "Junior Online 4NCL Division 5"]
[Site "online"]
[Date "2020.04.30"]
[Round "3.236"]
[White "Eccleston, Rowan"]
[Black "Clegg, Anya"]
[Result "1-0"]
[WhiteElo "1217"]
[BlackElo "1142"]
[PlyCount "49"]
[EventDate "2020.04.30"]
[WhiteTeam "Manchester Juniors B"]
[BlackTeam "Bristol Bishops"]

1. f4 d5 2. Nf3 Nf6 3. e3 e6 4. b3 Bd6 5. Bb2 O-O 6. Nc3 Nc6 7. Bb5 e5 8. Bxc6
bxc6 9. Ne2 exf4 10. exf4 Qe7 11. O-O Ba6 12. Nfd4 Bc5 13. Re1 Qd6 14. Ng3 Qxf4
15. c3 Ne4 16. Nxe4 dxe4 17. Kh1 Bxd4 18. cxd4 Rae8 19. Ba3 e3 20. dxe3 Rxe3
21. Rxe3 Qxe3 22. Bxf8 Kxf8 23. Qe1 Qxd4 24. Rd1 Qg4 25. Rd8# 1-0

[Event "Junior Online 4NCL Division 5"]
[Site "online"]
[Date "2020.04.30"]
[Round "3.237"]
[White "Saha, Soumil"]
[Black "Nagai, Ken Stephen"]
[Result "1/2-1/2"]
[WhiteElo "1075"]
[BlackElo "1135"]
[PlyCount "87"]
[EventDate "2020.04.30"]
[WhiteTeam "Bristol Bishops"]
[BlackTeam "Manchester Juniors B"]

1. d4 d5 2. c4 c6 3. Nf3 Bf5 4. Bf4 Nd7 5. h3 Ngf6 6. e3 e6 7. a3 g6 8. Bg5 Bg7
9. Ne5 O-O 10. cxd5 cxd5 11. Bb5 Qa5+ 12. b4 Qxb5 13. Nxd7 Qxd7 14. O-O Ne4 15.
Bf4 g5 16. Bh2 Kh8 17. Qh5 Qe7 18. Rd1 e5 19. Nd2 Nxd2 20. Rxd2 exd4 21. exd4
Rae8 22. Qd1 g4 23. hxg4 Bxg4 24. Qc1 Bh6 25. f4 Rg8 26. Kf1 Qh4 27. g3 Qh3+
28. Rg2 Be2+ 29. Kg1 Bf3 30. Rga2 Re2 31. Rxe2 Bxe2 32. Qd2 Re8 33. Re1 Qg4 34.
Kf2 Qf3+ 35. Kg1 Re7 36. b5 Re6 37. a4 Re7 38. a5 a6 39. b6 Re8 40. Rc1 Bf8 41.
Re1 Bg7 42. Rc1 Bh6 43. Re1 Re7 44. Rc1 1/2-1/2

[Event "Junior Online 4NCL Division 5"]
[Site "online"]
[Date "2020.04.30"]
[Round "3.238"]
[White "Casserly, Darcy"]
[Black "Manouvel, Maelys"]
[Result "0-1"]
[WhiteElo "1075"]
[BlackElo "1037"]
[PlyCount "122"]
[EventDate "2020.04.30"]
[WhiteTeam "Manchester Juniors B"]
[BlackTeam "Bristol Bishops"]

1. e4 c6 2. Nf3 d5 3. d3 dxe4 4. dxe4 Qxd1+ 5. Kxd1 Nf6 6. Nc3 e6 7. Bf4 Nbd7
8. e5 Ng4 9. Ne4 Nc5 10. Bd3 Nxe4 11. Kc1 Nexf2 12. Rf1 Nxd3+ 13. cxd3 Be7 14.
Kc2 O-O 15. Rac1 Bc5 16. Kb1 Be3 17. Rce1 Bxf4 18. Re4 Nxh2 19. Rh1 Nxf3 20.
Rxf4 Nd2+ 21. Ka1 b5 22. Rfh4 h6 23. g4 Nf3 24. R4h3 Ng5 25. Rh5 Bb7 26. b3
Rad8 27. d4 Rxd4 28. R1h4 Rfd8 29. Rh1 Rd1+ 30. Rxd1 Rxd1+ 31. Kb2 Ne4 32. g5
Nxg5 33. Kc2 Re1 34. Kd2 Rxe5 35. Kd3 Rd5+ 36. Ke3 e5 37. Kf2 e4 38. Kg3 Re5
39. Kf4 Re8 40. Kf5 e3 41. a3 e2 42. Rh1 e1=Q 43. Rxe1 Rxe1 44. Kf4 Ra1 45. a4
bxa4 46. bxa4 Rxa4+ 47. Ke3 c5 48. Kd3 c4+ 49. Kc3 h5 50. Kc2 h4 51. Kd1 h3 52.
Kd2 h2 53. Ke3 h1=Q 54. Kf4 Qh4+ 55. Ke5 Ra5+ 56. Kd6 Qd4+ 57. Kc7 Qc5+ 58.
Kxb7 Qb6+ 59. Kc8 Rc5+ 60. Kd7 Qe6+ 61. Kd8 Rc8# 0-1

[Event "Junior Online 4NCL Division 5"]
[Site "online"]
[Date "2020.04.30"]
[Round "3.241"]
[White "Smith, Mia"]
[Black "Dobariya, Asin"]
[Result "1-0"]
[WhiteElo "1075"]
[BlackElo "985"]
[PlyCount "77"]
[EventDate "2020.04.30"]
[WhiteTeam "Harrow Juniors G"]
[BlackTeam "Leicestershire Juniors 5"]

1. e4 e5 2. Nf3 Nc6 3. Nc3 Nf6 4. Bb5 d6 5. d3 Bg4 6. h3 Bh5 7. g4 Bg6 8. Be3
Be7 9. Qd2 a6 10. Bxc6+ bxc6 11. O-O-O O-O 12. d4 exd4 13. Bxd4 Bxe4 14. Nxe4
Nxe4 15. Qe2 d5 16. Rd3 Bg5+ 17. Kb1 Bf6 18. Bxf6 Nxf6 19. Ng5 h6 20. Nf3 Rb8
21. b3 c5 22. Rhd1 Qc8 23. Ne5 Re8 24. Nc6 Rb6 25. Na7 Qd7 26. Qf1 Ra8 27. h4
Rxa7 28. g5 hxg5 29. hxg5 Ne4 30. f4 Qc6 31. Rh3 Nd6 32. Qh1 f6 33. Rh8+ Kf7
34. Qh5+ Ke7 35. Re1+ Kd7 36. gxf6 gxf6 37. Qh7+ Nf7 38. Qxf7+ Kd6 39. Re6# 1-0

[Event "Junior Online 4NCL Division 5"]
[Site "online"]
[Date "2020.04.30"]
[Round "3.242"]
[White "Morris, Conor"]
[Black "Patel-Davis, Riyan"]
[Result "1-0"]
[WhiteElo "947"]
[BlackElo "902"]
[PlyCount "107"]
[EventDate "2020.04.30"]
[WhiteTeam "Leicestershire Juniors 5"]
[BlackTeam "Harrow Juniors G"]

1. e4 e5 2. Qh5 g6 3. Qxe5+ Be7 4. Qxh8 Bf6 5. Qxg8+ Ke7 6. Qxd8+ Kxd8 7. Nf3
Bg5 8. Nxg5 f6 9. Nf7+ Ke8 10. Nh6 f5 11. exf5 gxf5 12. Nxf5 h5 13. Nc3 a5 14.
Nb5 Ra6 15. Nxc7+ Kd8 16. Nxa6 Nxa6 17. Bxa6 bxa6 18. O-O d5 19. Nh6 d4 20. f4
Be6 21. f5 Bd5 22. f6 Bc4 23. Rf4 Ke8 24. f7+ Bxf7 25. Nxf7 Ke7 26. Nh6 Ke6 27.
Rxd4 Ke5 28. Ra4 Kd5 29. Rxa5+ Kc6 30. Rxh5 Kb6 31. g4 a5 32. g5 a4 33. g6 a3
34. bxa3 Kc7 35. g7 Kc6 36. g8=Q Kd6 37. Qg4 Kc6 38. Nf5 Kd5 39. Ne7+ Kd6 40.
Qg6+ Kxe7 41. Rh7+ Kf8 42. Qg8+ Kxg8 43. Rh3 Kg7 44. a4 Kf7 45. a5 Ke7 46. a6
Kd7 47. a7 Kc7 48. a8=Q Kd6 49. Qa4 Ke5 50. Rh5+ Kf6 51. Qa6+ Kg7 52. Rb5 Kf7
53. Rb7+ Ke8 54. Qa8# 1-0

[Event "Junior Online 4NCL Division 5"]
[Site "online"]
[Date "2020.04.30"]
[Round "3.243"]
[White "Wang, Xiling"]
[Black "Dahi, Varad Prakash"]
[Result "1-0"]
[WhiteElo "925"]
[BlackElo "955"]
[PlyCount "97"]
[EventDate "2020.04.30"]
[WhiteTeam "Harrow Juniors G"]
[BlackTeam "Leicestershire Juniors 5"]

1. e4 e5 2. Nf3 Nf6 3. Nc3 Nc6 4. Bb5 Bc5 5. O-O O-O 6. Bxc6 bxc6 7. Nxe5 Ba6
8. d3 Bd6 9. Ng4 Nxg4 10. Qxg4 Rb8 11. Nd1 Qf6 12. f3 Qd4+ 13. Nf2 Qf6 14. Bg5
Qe6 15. Qg3 f6 16. Qh4 fxg5 17. Qxg5 Qg6 18. Nh3 h6 19. Qxg6 Rf6 20. Qg4 Rxb2
21. Qxd7 Bb5 22. Qd8+ Rf8 23. Qh4 Rxc2 24. Rfc1 Bc5+ 25. Kh1 Rc4 26. dxc4 Ba6
27. Qe1 Ba3 28. Rcb1 Bxc4 29. Qc3 Bxa2 30. Rxa2 Be7 31. Qc4+ Rf7 32. Qxc6 Rf6
33. Qe8+ Bf8 34. Qb8 Kh7 35. Qxc7 Rb6 36. Qxa7 Rxb1+ 37. Ng1 Rb4 38. Qa3 Rb8
39. Qc3 Bb4 40. Qc7 Rb5 41. Ra7 Rg5 42. h3 Rg6 43. Qc8 Bd6 44. Ra8 Rg5 45. Qh8+
Kg6 46. Ra6 Rh5 47. Rxd6+ Kg5 48. Qxg7+ Kh4 49. Qg4# 1-0

[Event "Junior Online 4NCL Division 5"]
[Site "online"]
[Date "2020.04.30"]
[Round "3.244"]
[White "Syed, Adeeb"]
[Black "Patel, Ryan"]
[Result "0-1"]
[WhiteElo "842"]
[BlackElo "700"]
[PlyCount "36"]
[EventDate "2020.04.30"]
[WhiteTeam "Leicestershire Juniors 5"]
[BlackTeam "Harrow Juniors G"]

1. e4 d5 2. e5 Nc6 3. Nf3 f6 4. exf6 Nxf6 5. Nc3 d4 6. Nb5 a6 7. Nbxd4 Nxd4 8.
Nxd4 Qxd4 9. c3 Qd8 10. Qa4+ b5 11. Bxb5+ axb5 12. Qxa8 e5 13. O-O Ne4 14. d3
Qxd3 15. Re1 Qd6 16. Qxc8+ Kf7 17. Rxe4 Qd1+ 18. Re1 Qxe1# 0-1

[Event "Junior Online 4NCL Division 5"]
[Site "online"]
[Date "2020.04.30"]
[Round "3.245"]
[White "Dobariya, Asin"]
[Black "Smith, Mia"]
[Result "0-1"]
[WhiteElo "985"]
[BlackElo "1075"]
[PlyCount "40"]
[EventDate "2020.04.30"]
[WhiteTeam "Leicestershire Juniors 5"]
[BlackTeam "Harrow Juniors G"]

1. e4 e5 2. Bc4 Nc6 3. Nf3 Nf6 4. Nc3 Bc5 5. Ng5 O-O 6. Qf3 h6 7. Nh3 d6 8. Ng1
Bg4 9. Qd3 Nb4 10. Qg3 Nxc2+ 11. Kf1 Nxa1 12. Qd3 Qd7 13. Qb1 c6 14. Qxa1 d5
15. exd5 cxd5 16. Bb3 d4 17. Qb1 dxc3 18. dxc3 Rfd8 19. a3 Qd1+ 20. Bxd1 Rxd1#
0-1

[Event "Junior Online 4NCL Division 5"]
[Site "online"]
[Date "2020.04.30"]
[Round "3.246"]
[White "Patel-Davis, Riyan"]
[Black "Morris, Conor"]
[Result "1-0"]
[WhiteElo "902"]
[BlackElo "947"]
[PlyCount "47"]
[EventDate "2020.04.30"]
[WhiteTeam "Harrow Juniors G"]
[BlackTeam "Leicestershire Juniors 5"]

1. e4 e5 2. Nf3 Nf6 3. Nxe5 Nxe4 4. Qe2 Qe7 5. Qxe4 f6 6. Qd5 fxe5 7. Qb5 c6 8.
Qa5 b6 9. Qb4 c5 10. Qe4 Qe6 11. Qxa8 Qd6 12. Qxa7 Nc6 13. Qa8 Nb4 14. Nc3
Nxc2+ 15. Kd1 Nxa1 16. Qxc8+ Kf7 17. Nb5 Qh6 18. Qxd7+ Be7 19. Nd6+ Kg6 20.
Qxe7 Ra8 21. Ne4 Rxa2 22. Ng3 Nb3 23. Bd3+ e4 24. Bxe4# 1-0

[Event "Junior Online 4NCL Division 5"]
[Site "online"]
[Date "2020.04.30"]
[Round "3.247"]
[White "Dahi, Varad Prakash"]
[Black "Wang, Xiling"]
[Result "1-0"]
[WhiteElo "955"]
[BlackElo "925"]
[PlyCount "133"]
[EventDate "2020.04.30"]
[WhiteTeam "Leicestershire Juniors 5"]
[BlackTeam "Harrow Juniors G"]

1. e4 e5 2. Qh5 g6 3. Qxe5+ Be7 4. Qxh8 Bf8 5. Qxg8 Qe7 6. Qh8 f6 7. e5 fxe5 8.
Qg8 d6 9. Qb3 Be6 10. Qxb7 a5 11. Qxa8 Qd8 12. Qf3 c6 13. Qe2 a4 14. a3 Qa5 15.
Nf3 Bh6 16. g3 e4 17. Nd4 Bc4 18. Qxe4+ Kd8 19. Bxc4 d5 20. Qe2 dxc4 21. Ne6+
Ke7 22. Nf4+ Kf8 23. Ne6+ Ke8 24. O-O Qb6 25. Nf4+ Kf8 26. Nc3 Bxf4 27. gxf4
Nd7 28. Re1 Qc7 29. Qe8+ Kg7 30. Qe2 Nf6 31. Qe5 Qf7 32. Ne4 Qd5 33. Qxd5 cxd5
34. Nxf6 Kxf6 35. d3 Kf5 36. dxc4 dxc4 37. b3 cxb3 38. cxb3 axb3 39. Rb1 Kg4
40. a4 b2 41. Rxb2 Kf5 42. a5 h5 43. a6 h4 44. a7 g5 45. fxg5 h3 46. a8=Q Kg4
47. Re4+ Kf3 48. Qf8+ Kxe4 49. Rb3 Kd4 50. Qf4+ Kc5 51. Qc4+ Kxc4 52. Rxh3 Kd5
53. g6 Ke6 54. g7 Kf7 55. Rg3 Kg8 56. Ba3 Kf7 57. g8=Q+ Kf6 58. Rf3+ Ke5 59.
Qe8+ Kd4 60. Bb2+ Kc4 61. Rc3+ Kd4 62. Qd8+ Ke4 63. Kg2 Kf4 64. Re3 Kg4 65. Qf8
Kh4 66. Rg3 Kh5 67. Qh8# 1-0

[Event "Junior Online 4NCL Division 5"]
[Site "online"]
[Date "2020.04.30"]
[Round "3.248"]
[White "Patel, Ryan"]
[Black "Syed, Adeeb"]
[Result "1-0"]
[WhiteElo "700"]
[BlackElo "842"]
[PlyCount "39"]
[EventDate "2020.04.30"]
[WhiteTeam "Harrow Juniors G"]
[BlackTeam "Leicestershire Juniors 5"]

1. e4 e5 2. d4 exd4 3. Nf3 Nc6 4. c3 Bc5 5. b4 Bb6 6. cxd4 Nxd4 7. Nxd4 Bxd4 8.
Qxd4 Qh4 9. Qxg7 Qxe4+ 10. Kd1 Qd5+ 11. Nd2 Qf5 12. Qxh8 Qg5 13. Nc4 Qd5+ 14.
Ke1 Qe4+ 15. Kd1 Qd4+ 16. Qxd4 b6 17. Qh8 Ba6 18. Qxg8+ Ke7 19. Qxa8 Bxc4 20.
Bxc4 1-0

[Event "Junior Online 4NCL Division 5"]
[Site "online"]
[Date "2020.04.30"]
[Round "3.251"]
[White "Xu, Weiming"]
[Black "Bett, Joshua"]
[Result "1-0"]
[WhiteElo "1577"]
[BlackElo "906"]
[PlyCount "51"]
[EventDate "2020.04.30"]
[WhiteTeam "Forest Hall Chimæras"]
[BlackTeam "Friar Tucks"]

1. e4 e5 2. Nf3 Nc6 3. Nc3 Bc5 4. Bc4 Qf6 5. d3 g5 6. Bxg5 Qg6 7. O-O d6 8. Nd5
Bb6 9. Nxb6 cxb6 10. Bd5 Nce7 11. c4 Nxd5 12. cxd5 Bg4 13. Be3 Bh3 14. Nh4 Qg4
15. Qxg4 Bxg4 16. f3 Bd7 17. f4 exf4 18. Bxf4 O-O-O 19. Bxd6 Nf6 20. Rxf6 Rhg8
21. Rc1+ Bc6 22. dxc6 bxc6 23. Rxc6+ Kd7 24. Rc7+ Ke8 25. Re7+ Kf8 26. Rfxf7#
1-0

[Event "Junior Online 4NCL Division 5"]
[Site "online"]
[Date "2020.04.30"]
[Round "3.252"]
[White "Liu, Lucy"]
[Black "Rudzenis, Alex"]
[Result "0-1"]
[WhiteElo "887"]
[BlackElo "1645"]
[PlyCount "30"]
[EventDate "2020.04.30"]
[WhiteTeam "Friar Tucks"]
[BlackTeam "Forest Hall Chimæras"]

1. e4 e5 2. Nf3 d5 3. exd5 e4 4. Ne5 Bd6 5. d4 exd3 6. f4 Bxe5 7. fxe5 Qh4+ 8.
g3 Qe4+ 9. Be2 Qxh1+ 10. Bf1 Qe4+ 11. Qe2 dxe2 12. Bxe2 Bg4 13. Kf2 Qxe2+ 14.
Kg1 Bf3 15. Be3 Qg2# 0-1

[Event "Junior Online 4NCL Division 5"]
[Site "online"]
[Date "2020.04.30"]
[Round "3.253"]
[White "Li, Ray"]
[Black "Tumurugoti, Vaed"]
[Result "1-0"]
[WhiteElo "1382"]
[BlackElo "865"]
[PlyCount "55"]
[EventDate "2020.04.30"]
[WhiteTeam "Forest Hall Chimæras"]
[BlackTeam "Friar Tucks"]

1. d4 d5 2. c4 c6 3. Nf3 Nf6 4. e3 Be6 5. b3 g6 6. Nbd2 Bg7 7. Bb2 Nbd7 8. Rb1
Rc8 9. Rc1 O-O 10. Bd3 Nb6 11. Ne5 Bf5 12. Bxf5 gxf5 13. cxd5 Nfxd5 14. Ndf3 f4
15. e4 Nb4 16. h4 f6 17. Nd3 f5 18. Nxb4 fxe4 19. Ng5 Qd7 20. h5 h6 21. Nxe4
Qe6 22. f3 Rcd8 23. O-O c5 24. Nc2 Qf5 25. Qd2 c4 26. bxc4 Nxc4 27. Qc3 Rc8 28.
Qb3 1-0

[Event "Junior Online 4NCL Division 5"]
[Site "online"]
[Date "2020.04.30"]
[Round "3.254"]
[White "Golding, Daniel"]
[Black "Wu, Jiatong"]
[Result "0-1"]
[WhiteElo "700"]
[BlackElo "1217"]
[PlyCount "116"]
[EventDate "2020.04.30"]
[WhiteTeam "Friar Tucks"]
[BlackTeam "Forest Hall Chimæras"]

1. e4 e6 2. Bc4 Nf6 3. d3 Nc6 4. Nf3 Bc5 5. O-O O-O 6. Nc3 b6 7. Bf4 Re8 8. Qd2
Bb7 9. Rae1 Nd4 10. Nxd4 Bxd4 11. Na4 c6 12. c3 Bc5 13. d4 Be7 14. e5 Nd5 15.
Bxd5 cxd5 16. b3 Ba6 17. c4 dxc4 18. bxc4 Bxc4 19. Qc3 Bxf1 20. Rxf1 Qc8 21.
Qf3 Qc4 22. Bc1 Qxa4 23. Qe2 Qxd4 24. Be3 Qxe5 25. f4 Qe4 26. g3 Rac8 27. Qa6
Qxe3+ 28. Kg2 Rc2+ 29. Kh3 h5 30. Qa4 Rf2 31. Rb1 Rb2 32. Rxb2 g5 33. Qxa7 gxf4
34. Rxb6 fxg3 35. hxg3 Bc5 36. Qxd7 Bxb6 37. Qxe8+ Kg7 38. Kh4 Kf6 39. g4 hxg4
40. Kxg4 Qg1+ 41. Kf4 Qe3+ 42. Kg4 Qg1+ 43. Kf3 Qh1+ 44. Kf4 e5+ 45. Kg3 Qe1+
46. Kg4 Qd1+ 47. Kg3 Qd8 48. Qa4 Qd4 49. Qd1 Bc7 50. Qg4 Qxg4+ 51. Kxg4 e4 52.
Kh3 Kf5 53. Kg2 Kf4 54. Kf1 Kf3 55. a3 e3 56. a4 e2+ 57. Ke1 f5 58. a5 Bxa5#
0-1

[Event "Junior Online 4NCL Division 5"]
[Site "online"]
[Date "2020.04.30"]
[Round "3.255"]
[White "Bett, Joshua"]
[Black "Xu, Weiming"]
[Result "0-1"]
[WhiteElo "906"]
[BlackElo "1577"]
[PlyCount "42"]
[EventDate "2020.04.30"]
[WhiteTeam "Friar Tucks"]
[BlackTeam "Forest Hall Chimæras"]

1. e4 e5 2. Qh5 Nf6 3. Qxe5+ Be7 4. Bc4 O-O 5. Qg3 Nxe4 6. Qf4 d5 7. Bd3 Nf6 8.
Qh4 Qd6 9. g4 Qe5+ 10. Kf1 h6 11. g5 Qxg5 12. Qd4 Nc6 13. Qc3 Bg4 14. Qa3 Bxa3
15. bxa3 Ne4 16. f3 Qf5 17. Ke2 Bh5 18. Bb5 Nd4+ 19. Ke1 Nxf3+ 20. Kd1 Nxg1+
21. Ke1 Qf2# 0-1

[Event "Junior Online 4NCL Division 5"]
[Site "online"]
[Date "2020.04.30"]
[Round "3"]
[White "Rudzenis, Alex"]
[Black "Liu, Lucy"]
[Result "1-0"]
[WhiteElo "1645"]
[BlackElo "887"]
[PlyCount "45"]
[EventDate "2020.04.30"]
[WhiteTeam "Forest Hall Chimæras"]
[BlackTeam "Friar Tucks"]

1. e4 e5 2. Nc3 Nf6 3. f4 Nc6 4. Bc4 d6 5. Nf3 Bg4 6. h3 Bxf3 7. Qxf3 Nb4 8.
Bb3 Be7 9. fxe5 dxe5 10. O-O O-O 11. d3 Qd4+ 12. Be3 Qd8 13. g4 h6 14. Qf5 Re8
15. Qg6 Nxc2 16. Qxf7+ Kh8 17. Bxc2 Rf8 18. Qg6 Rc8 19. Rad1 Nd7 20. Bxh6 gxh6
21. Qxh6+ Kg8 22. Bb3+ Rf7 23. Bxf7# 1-0

[Event "Junior Online 4NCL Division 5"]
[Site "online"]
[Date "2020.04.30"]
[Round "3.1"]
[White "Tumurugoti, Vaed"]
[Black "Li, Ray"]
[Result "0-1"]
[WhiteElo "865"]
[BlackElo "1382"]
[PlyCount "68"]
[EventDate "2020.04.30"]
[WhiteTeam "Friar Tucks"]
[BlackTeam "Forest Hall Chimæras"]

1. e4 e6 2. f3 d5 3. Nc3 d4 4. Nd5 exd5 5. Qe2 dxe4 6. Qxe4+ Qe7 7. d3 Qxe4+ 8.
dxe4 Nf6 9. f4 Nc6 10. Nf3 Nxe4 11. Bc4 Nd6 12. b3 Nxc4 13. bxc4 Bb4+ 14. c3
Bxc3+ 15. Bd2 Bxa1 16. O-O Bb2 17. Re1+ Be6 18. f5 Kd7 19. Ng5 Bxc4 20. Nxf7
Rhe8 21. Rxe8 Rxe8 22. h3 Bc3 23. Bf4 d3 24. Ng5 h6 25. Nh7 d2 26. Bxh6 gxh6
27. f6 Bxf6 28. g3 Bd4+ 29. Kg2 Re2+ 30. Kf3 d1=Q 31. Kg4 Re5+ 32. Kf4 Qf1+ 33.
Kg4 Qf5+ 34. Kh4 Qh5# 0-1